| 000 | 00426 a2200157 4500 | ||
|---|---|---|---|
| 001 | 61343 | ||
| 020 | _a9783190018703 | ||
| 040 | _cAnchieta - Pituba | ||
| 100 | _aNeuner, Gerhard | ||
| 240 | 1 | 0 |
_aFit für fit in deutsch 1 und 2 _lpor |
| 245 | 1 | 0 | _aFit für fit in deutsch 1 und 2 |
| 300 | _a142 | ||
| 362 | 0 | _a2007 | |
| 650 | 4 | _a Uso padrão da língua alemã (prescptiva linguística - proficiência alemã) | |
| 942 | _cBK | ||
| 999 |
_c61343 _d61343 |
||